Responses for Show #8492 - Tuesday, October 19, 2021

Jonathan Fisher game 7.

Contestants

[<< previous game]

Olivia Cammisa-Frost, a museum professional from Saratoga Springs, New York

Katy Buckner, a teacher from Los Angeles, California

Jonathan Fisher, an actor originally from Coral Gables, Florida (whose 6-day cash winnings total $142,900)

[next game >>]

Jeopardy! Round responses

FORTUNE 500 FORTUNES
MONOPOLY: SPECIAL EDITIONS
PART OF DARKNESS
(Mayim: Each response is made up of letters in "darkness".)
ANNUS HORRIBILIS
5 BURROS
NEW YORK CITY
    $200 23
General Motors

Triple Stumper
    $200 7
Friends

Jonathan
    $200 17
desk

Jonathan
    $200 12
the Black Death

Jonathan
    $200 5
the Brothers Grimm

Jonathan
    $200 4
the New York City Marathon

Olivia
    $400 24
iPhones

Jonathan
    $400 6
Millennials

Katy
    $400 18
sank

Jonathan
    $400 11
London

Jonathan
    $400 13
Eeyore

Jonathan
    $400 22
the Staten Island Ferry

Jonathan
    $600 25
Anthem

Katy
    $600 3
the Kwik-E-Mart

Katy
    $600 19
rad

Triple Stumper
    $600 10
1929

Olivia
    $600 14
the Grand Canyon

Jonathan
    $600 26
Williamsburg

Jonathan
    $800 27
Lowe's

Katy
    $800 2
The Mandalorian

Jonathan
    $800 20
ska

Jonathan
    $2,200 8
(Jonathan: [Whispers] Landmark. Uh, what is...)
[Time's up]
(Jonathan: Ayers Rock?)

the South Pole

Jonathan
    $800 15
Balaam

Triple Stumper
    $800 28
Teddy Roosevelt

Jonathan
    $1000 29
(Jonathan: What's Valvoline?)

Valero

Jonathan
Triple Stumper
    $1000 1
The Legend of Zelda

Jonathan
    $1000 21
rend

Olivia
    $1000 9
1862

Triple Stumper
    $1000 16
(Nick) Bottom

Jonathan
    $1000 30
Rockaway

Katy

Scores at the first commercial break (after clue 15):

Jonathan Katy Olivia
$1,600 $1,000 $800

Scores at the end of the Jeopardy! Round:

Jonathan Katy Olivia
$5,200 $3,400 $1,800

Double Jeopardy! Round responses

WORLD GEOGRAPHY
POLITICAL NICKNAMES
HISTORICAL FIGURES ON FILM
20th CENTURY ENGLISH
DID I MISS ANYTHING?
"F" IN SCIENCE
    $400 24
the Sahara

Jonathan
    $400 20
Bulldog

Olivia
    $400 1
(Mayim: Yes, in Harriet.)

Harriet Tubman

Katy
    $400 10
LSD

Jonathan
    $400 15
Marco Polo

Jonathan
    $400 13
filament

Jonathan
    $800 25
Cyprus

Katy
    $800 21
Rahm Emanuel

Katy
    $800 2
(Mayim: Yes, in The Last King of Scotland.)

Forest Whitaker

Jonathan
    $1,500 9
a screenplay

Olivia
    $800 16
Australia

Jonathan
    $800 12
formaldehyde

Triple Stumper
    $1200 26
(Olivia: What is Ukraine?)

Norway

Olivia
Triple Stumper
    $1200 22
(Jonathan: What is Tennessee?)
(Katy: What is South Carolina?)

Pennsylvania

JonathanKaty
Triple Stumper
    $1200 5
Saoirse Ronan

Jonathan
    $1200 8
a flat-Earther

Olivia
    $1200 17
the Philippines

Olivia
    $1200 11
(Katy: What is freezing point?)

the flash point

Katy
Triple Stumper
    $1600 27
(Mayim: Yes, and you're from Los Angeles; I would hope you would know that.)

Baja

Katy
    $1600 23
(Stephen A.) Douglas

Jonathan
    $1600 4
Hearst

Katy
    $1600 7
Cruelty

Jonathan
    $2,000 18
(Olivia: Who is... William the Conqueror?)
...
(Mayim: He left again and died in France.)

Richard I (Lionheart)

Olivia
    $1600 14
(Katy: What is sand?)

feldspar

Katy
Triple Stumper
    $2000 28
(Jonathan: What is Linoges?)

Lucerne

Jonathan
Triple Stumper
    $2000 29
President Erdoğan of Turkey

Triple Stumper
    $2000 3
Caligula

Jonathan
    $2000 6
(Olivia: What is Yuppieville?)

Squaresville

Olivia
Triple Stumper
    $2000 19
New Guinea

Triple Stumper
    $2000 30
Richard Feynman

Triple Stumper

Scores at the end of the Double Jeopardy! Round:

Jonathan Katy Olivia
$11,600 $4,600 $900
(lock game)

[wagering suggestions for these scores]

Final Jeopardy! Round responses

CONTEMPORARY AUTHORS
(Mayim: [To Jonathan] The creator of the cannibalistic Hannibal Lecter.)
OliviaWho Ian Fleming?
$0
KatyWho is Michael Chabon
$2,998
JonathanWho is Thomas Harris?
$1,600
Thomas Harris

Final scores:

Jonathan Katy Olivia
$13,200 $1,602 $900
7-day champion: $156,100 2nd place: $2,000 3rd place: $1,000

Game dynamics:

Coryat scores:

Jonathan Katy Olivia
$13,800 $4,600 $2,200
26 R,
4 W
(including 1 DD)
10 R,
3 W
7 R
(including 1 DD),
3 W
(including 1 DD)

Combined Coryat: $20,600

[game clues] [game scores] [suggest correction]

Game tape date: 2021-09-10
The J! Archive is created by fans, for fans. Scraping, republication, monetization, and malicious use prohibited; this site may use cookies and collect identifying information. See terms. The Jeopardy! game show and all elements thereof, including but not limited to copyright and trademark thereto, are the property of Jeopardy Productions, Inc. and are protected under law. This website is not affiliated with, sponsored by, or operated by Jeopardy Productions, Inc. Join the discussion at JBoard.tv.